000
00321nam a22001217a 4500
003
SGT
082
_a
301.2
_b
B97M
100
_a
मोहन, नरेंद्र
245
_a
भारतीय संस्कृति
260
_b
प्रभात प्रकाशन
_c
1997
300
_a
374
942
_2
ddc
_c
BK
999
_c
29332
_d
29332